| 000 | 00986nam a22003257a 4500 | ||
|---|---|---|---|
| 001 | BR2014003987 | ||
| 003 | BR-BrBNA | ||
| 005 | 20230928104450.0 | ||
| 007 | ta | ||
| 008 | 230509b bl.||||| |||| 00| 0 por d | ||
| 040 |
_aBR-BrBNA _bpor _cBiblioteca Nacional de Agricultura |
||
| 041 | _a(Por) | ||
| 072 |
_aE16 _b0230 |
||
| 090 | _ 0230 BR2014003987 | ||
| 100 | 1 | _aXavier, C.E.o. (ed.) | |
| 100 | 1 | _aSonoda, D.Y. (ed.) | |
| 100 | 1 | _aRosa, J.H.M. (ed.) | |
| 100 | 1 | _aMarques, P.V. (ed.) | |
| 110 | 1 | _aEscola Superior de Agricultura Luiz de Queiroz, Piracicaba, SP (Brasil) | |
| 245 | 1 | _aCustos de produção e cana-de açúcar, açúcar e etanol no Brasil: fechamento da safra 2012/2013 | |
| 250 | 1 | _a1. ed. | |
| 260 | 3 |
_aPiracicaba, SP (Brasil): _c2013. |
|
| 300 | _a67 p. | ||
| 500 | _a23 ref.; 18 illus.; 33 tables | ||
| 650 | _aCUSTO DE PRODUÇÃO | ||
| 650 | _aCANA DE AÇÚCAR | ||
| 650 | _aETANOL | ||
| 909 |
_a202309 _bLucia _c55 _dLucia Elande |
||
| 942 | _cBK | ||
| 999 |
_c80066 _d80066 |
||